000 00782nam a2200217 a 4500
001 47152
003 BD-RjUL
005 20211209054251.0
008 160807s1988 bg ||||| |||| 00| 0 eng d
035 _a(BD-RjUL)47271
040 _aBD-RjUL
_beng
_cBD-RjUL
041 _aeng
082 _223
_a297.5
_bKAM 1988
100 1 _aকাদের, এম আবদুল
_9123381
245 1 0 _aমুসলিম কীর্তি /
_cএম আবদুল কাদের
260 _aঢাকা :
_bইসলামিক ফাউন্ডেশন বাংলাদেশ,
_c১৯৮৮
300 _a[৮] , ৩২৬ পৃ. ;
_c১৮ সেমি.
650 _aইসলামী নৈতিকতা
_9143589
650 _aIslamic ethics
_9140077
942 _2ddc
_cBK
999 _c47152
_d47152